000
00300nam a22001337a 4500
008
170609b xxu||||| |||| 00| 0 eng d
020
_a
9780842025553
041
_a
eng
080
_a
94(7/8)
100
_a
18
101
_a
SHH
245
_a
MODERN AMERICAN DIPLOMACY
_c
CARROLL,J.M
942
_2
udc
_c
BK
999
_c
16726
_d
16726